书目信息 |
| 题名: |
室内与家具设计人体工程学
|
|
| 作者: | 程瑞香 编著 | |
| 分册: | ||
| 出版信息: | 北京 化学工业出版社 2019 |
|
| 页数: | 238页 | |
| 开本: | 26cm | |
| 丛书名: | ||
| 单 册: | ||
| 中图分类: | TU238 , TS664.01 | |
| 科图分类: | ||
| 主题词: | 室内装饰设计--shi nei zhuang shi she ji--工效学 , 家具--jia ju--设计--工效学 | |
| 电子资源: | ||
| ISBN: | 978-7-122-25252-4 | |
| 000 | 01182nam0 2200301 45 | |
| 001 | 012001003219 | |
| 005 | 20191204112040.87 | |
| 010 | @a978-7-122-25252-4@dCNY28.00 | |
| 099 | @aCAL 012016012322 | |
| 100 | @a20160222d2016 em y0chiy50 ea | |
| 101 | 0 | @achi |
| 102 | @aCN@b110000 | |
| 105 | @aak a 000yy | |
| 106 | @ar | |
| 200 | 1 | @a室内与家具设计人体工程学@Ashi nei yu jia ju she ji ren ti gong cheng xue@f程瑞香编著 |
| 205 | @a第2版 | |
| 210 | @a北京@c化学工业出版社@d2019 | |
| 215 | @a238页@c图@d26cm | |
| 300 | @a“十二五”普通高等教育本科国家级规划教材 | |
| 320 | @a有书目 (第237-238页) | |
| 330 | @a本书结合室内与家具设计,全面介绍了人体工程学的有关知识。主要内容包括:人体尺寸,人体动作空间,各种家具功能尺寸设计,人的知觉、感觉与室内环境,人的行为心理与空间环境等。本书叙述简明,内容实用,适于用作室内设计、家具设计及建筑装饰装潢专业的教材,对设计技术人员也有较强的参考价值。 | |
| 606 | 0 | @a室内装饰设计@Ashi nei zhuang shi she ji@x工效学 |
| 606 | 0 | @a家具@Ajia ju@x设计@x工效学 |
| 690 | @aTU238@v5 | |
| 690 | @aTS664.01@v5 | |
| 701 | 0 | @a程瑞香@Acheng rui xiang@4编著 |
| 801 | 2 | @aCN@b北京卓展@c20191020 |
| 905 | @b1210820-3@dTU238@e1563=2@f4 | |
| 室内与家具设计人体工程学/程瑞香编著.-第2版.-北京:化学工业出版社,2019 |
| 238页:图;26cm |
| “十二五”普通高等教育本科国家级规划教材 |
| ISBN 978-7-122-25252-4:CNY28.00 |
| 本书结合室内与家具设计,全面介绍了人体工程学的有关知识。主要内容包括:人体尺寸,人体动作空间,各种家具功能尺寸设计,人的知觉、感觉与室内环境,人的行为心理与空间环境等。本书叙述简明,内容实用,适于用作室内设计、家具设计及建筑装饰装潢专业的教材,对设计技术人员也有较强的参考价值。 |
| ● |
| 相关链接 |
|
|
|
|
正题名:室内与家具设计人体工程学
索取号:TU238/1563=2
 
预约/预借
| 序号 | 登录号 | 条形码 | 馆藏地/架位号 | 状态 | 备注 |
| 1 | 1210820 | 212108208 | 第二样本阅览室/ [索取号:TU238/1563=2] | 在馆 | |
| 2 | 1210821 | 212108217 | 第三借阅区/ [索取号:TU238/1563=2] | 在馆 | |
| 3 | 1210822 | 212108226 | 第三借阅区/ [索取号:TU238/1563=2] | 在馆 | |
| 4 | 1210823 | 212108235 | 第三借阅区/ [索取号:TU238/1563=2] | 在馆 |